Budú trhom práce hýbať ženy? nezamestnaní muži sa správajú ako deti, nehľadajú pomoc

Rastúca emancipácia žien v pracovnom procese. Nezamestnaný z pohľadu psychológa. Rozdielny psychický vývin mužov a žien. Dosah straty práce u nezamestnaných mužov. Globalizácia otvára možnosti prejaviť sa.

Gespeichert in:
Bibliographische Detailangaben
1. Verfasser: Kozoň, Anton
Format: Buch
Sprache:Slowakisch
Schlagworte:
Tags: Tag hinzufügen
Keine Tags, Fügen Sie das erste Tag hinzu!

MARC

LEADER 00000nam a2200000 4500
001 r031397
005 20230824094952.3
041 0 |a slo 
044 |a SK 
245 1 0 |a Budú trhom práce hýbať ženy?  |b nezamestnaní muži sa správajú ako deti, nehľadajú pomoc  |c Anton Kozoň 
520 |a Rastúca emancipácia žien v pracovnom procese. Nezamestnaný z pohľadu psychológa. Rozdielny psychický vývin mužov a žien. Dosah straty práce u nezamestnaných mužov. Globalizácia otvára možnosti prejaviť sa. 
610 2 0 |a proces pracovný 
610 2 0 |a nezamestnanosť 
610 2 0 |a ženy 
610 2 0 |a muži 
610 2 0 |a psychológia 
610 2 0 |a psychológia práce 
610 2 0 |a Naisbitt, J. 
100 1 |a Kozoň, Anton